Detalles MARC
| 000 -CABECERA |
| Longitud fija campo de control |
01633cam a2200361 a 4500 |
| 003 - • IDENTIFICADOR DELl NÚMERO DE CONTROL |
| Identificador del número de control |
CO-BoRNBP |
| 005 - • FECHA Y HORA DE LA ÚLTIMA TRANSACCIÓN |
| Fecha y hora de la última transacción |
20241018113757.0 |
| 007 - • CAMPO FIJO DE DESCRIPCIÓN FÍSICA |
| Campo fijo de descripción física |
ta |
| 008 - • CÓDIGOS DE INFORMACIÓN DE LONGITUD FIJA |
| Códigos de información de longitud fija |
990407s1998 sp a r e 00010 spa d |
| 020 ## - • NÚMERO INTERNACIONAL NORMALIZADO PARA LIBROS |
| Número Internacional Normalizado para Libros (ISBN) |
8449411254 |
| 040 ## - FUENTE DE LA CATALOGACIÓN |
| Centro catalogador de origen |
la |
| Centro transcriptor |
la |
| 041 0# - • CÓDIGO DE LENGUA |
| Código de lengua del texto/banda sonora o título independiente |
spa |
| 082 04 - • NÚMERO DE LA CLASIFICACIÓN DECIMAL DEWEY |
| Número de clasificación (R) |
R370.3 |
| Número del ítem |
E52d |
| Número de edición |
19 ed. |
| 245 10 - • TITULO PROPIAMENTE DICHO |
| Título |
Enciclopedia general de la educación / |
| Mención de responsabilidad, etc. |
José Manuel Aja Fernández ... [et al.] ; ilustración Victoria Grasa. |
| 250 ## - • MENCIÓN DE EDICIÓN |
| Mención de edición |
Edición, Ma. Angeles Arregui ... [et al.]. |
| 300 ## - • DESCRIPCIÓN FÍSICA |
| Extensión |
3 v. : |
| Otras características físicas |
il. ; |
| Dimensiones |
26 cm. + |
| Material Anexo |
1 CD ROOM. |
| 336 ## - TIPO DE CONTENIDO |
| Fuente |
rdacontent |
| Término de tipo de contenido |
texto |
| Código de tipo de contenido |
txt |
| 337 ## - TIPO DE MEDIO |
| Fuente |
rdamedia |
| Nombre del tipo de medio |
sin mediación |
| Código del tipo de medio |
n |
| 338 ## - TIPO DE SOPORTE |
| Fuente |
rdacarrier |
| Nombre del tipo de soporte |
volumen |
| Código del tipo de soporte |
nc |
| 500 ## - • NOTA GENERAL |
| Nota general |
Incluye glosario. |
| 505 0# - • NOTA DE CONTENIDO CON FORMATO |
| Nota de contenido con formato |
v.1 Un marco psicológico global para la educación escolar ; la profesión docente ; los contextos de la intervención educativa ; psicología de la educación ; tutoría y orientación. -- v.2 Evaluación e investigación ; didáctica general ; educación y nuevas tecnologías ; educación especial ; didácticas específicas. -- v.3 Didácticas específicas ; temas transversales. |
| 650 #7 - • PUNTO DE ACCESO ADICIONAL DE MATERIA - TÉRMINO DE MATERIA |
| Término de materia o nombre geográfico como elemento inicial |
Educación |
| Subdivisión de forma |
Enciclopedias. |
| Fuente del encabezamiento o término |
BLAAUTO |
| 650 #7 - • PUNTO DE ACCESO ADICIONAL DE MATERIA - TÉRMINO DE MATERIA |
| Término de materia o nombre geográfico como elemento inicial |
Educación primaria |
| Subdivisión de forma |
Enciclopedias. |
| Fuente del encabezamiento o término |
BLAAUTO |
| 650 #7 - • PUNTO DE ACCESO ADICIONAL DE MATERIA - TÉRMINO DE MATERIA |
| Término de materia o nombre geográfico como elemento inicial |
Psicopedagogía. |
| Fuente del encabezamiento o término |
BLAAUTO |
| 650 #7 - • PUNTO DE ACCESO ADICIONAL DE MATERIA - TÉRMINO DE MATERIA |
| Término de materia o nombre geográfico como elemento inicial |
Evaluación académica. |
| Fuente del encabezamiento o término |
BLAAUTO |
| 650 #7 - • PUNTO DE ACCESO ADICIONAL DE MATERIA - TÉRMINO DE MATERIA |
| Término de materia o nombre geográfico como elemento inicial |
Educación especial. |
| Fuente del encabezamiento o término |
BLAAUTO |
| 650 #7 - • PUNTO DE ACCESO ADICIONAL DE MATERIA - TÉRMINO DE MATERIA |
| Término de materia o nombre geográfico como elemento inicial |
Pedagogía |
| Subdivisión de forma |
Enciclopedias. |
| Fuente del encabezamiento o término |
BLAAUTO |
| 700 1# - • PUNTO DE ACCESO ADICIONAL - NOMBRE DE PERSONA |
| Nombre de persona |
Aja Fernández, José Manuel. |
| 700 1# - • PUNTO DE ACCESO ADICIONAL - NOMBRE DE PERSONA |
| Nombre de persona |
Grasa, Victoria, |
| Término indicativo de función |
il. |
| 700 1# - • PUNTO DE ACCESO ADICIONAL - NOMBRE DE PERSONA |
| Nombre de persona |
Arregui, María Angeles, |
| Término indicativo de función |
ed. |
| 942 ## - ENTRADA DE ELEMENTOS AGREGADOS (KOHA) |
| Fuente de clasificaión o esquema |
Dewey Decimal Classification |
| Koha [por defecto] tipo de item |
LIbro |
| 949 ## - TRATAMIENTO DE LA INFORMACIÓN LOCAL (OCLC) |
| a |
n |
| b |
n |